| 000 | 00395nam a22001697a 4500 | ||
|---|---|---|---|
| 003 | CEME | ||
| 005 | 20210628210723.0 | ||
| 008 | 210201b xxu||||| |||| 00| 0 eng d | ||
| 040 | _c. | ||
| 082 | _a401.4 MUH | ||
| 100 |
_aM.Zaman,Naveed Akhtar _980689 |
||
| 245 | _aSpeak smart | ||
| 260 |
_aLAHORE _bBOOK CENTRE _c2000 |
||
| 300 | _a287P | ||
| 650 |
_aSPEAK SMART _980690 |
||
| 942 |
_cBK _2ddc |
||
| 999 |
_c585588 _d585588 |
||